Sports Quiz

Random Sports Quiz

Legends Born In December Quiz Stats

 Plays Quiz not verified by Sporcle

Challenge
Share
Tweet
Embed
Score 0/15 Timer 10:00
0 Plays Today
Clue Brewer % Correct
He set career highs with 19 home runs and 37 stolen bases as a 2012 Brewer.Carlos Gomez
89.5%
This infielder/outfielder hit 35 home runs in 2006.Bill Hall
78.9%
Among pitchers who made at least 50 career starts, this 2012 Brewer's 3.60 ERA is the lowest.Shaun Marcum
75%
When he retired in 1986 he was the Brewers' all-time leader with 208 home runs.Gorman Thomas
73.7%
He tied the Brewer franchise record by hitting 45 home runs in 2001, and again in 2003.Richie Sexson
73.7%
This Australian catcher played in 837 games during the 1990s.Dave Nilsson
65.8%
He's third on the Brewer all-time hit list with 1815, and sixth with 201 home runs. Cecil Cooper
57.9%
This outfielder appeared in 666 Brewer games, mostly in the 1990s, and is ninth on the team's all-time list with 109 stolen bases.Darryl Hamilton
39.5%
Clue Brewer % Correct
This pitcher was nicknamed 'Big Daddy' and posted a 2.66 ERA over 162.1 innings in 2000.Jeff D'Amico
39.5%
This late-80's/early 90's Brewer pitcher played all eleven of his MLB seasons as a Brewer and is fourth among Brewers all time with 1482.2 innings pitched. Bill Wegman
35.5%
This 1990's Brewer is tied for fourth on the Brewer all-time list with 79 saves.Mike Fetters
34.2%
This early-80's Brewer third baseman hit just .253/.307/.377 in four years in Milwaukee but still appeared in nine postseason games.Roy Howell
23.7%
This 1991-94 Brewer recorded 61 saves, eighth most in franchise history, before being traded to the Mets for Fernando Vina.Doug Henry
23.7%
He debuted with the Brewers as a 19-year-old in 1977 and appeared in games at seven different defensive positions over 426 games. Ed Romero
19.7%
He's best known for being the player traded for Hank Aaron in 1974.Dave May
18.4%

You're not logged in!

Compare scores with friends on all Sporcle quizzes.
OR
Log In

You Might Also Like...

Show Comments

Extras

Created Dec 12, 2012ReportNominate
Tags:birthday, born, brewer, December, legend

Top Quizzes Today


Score Distribution

Your Account Isn't Verified!

In order to create a playlist on Sporcle, you need to verify the email address you used during registration. Go to your Sporcle Settings to finish the process.

Report this User

Report this user for behavior that violates our Community Guidelines.

Details: